|
|
|
|
| LEADER |
01260nam a22003374a 4500 |
| 001 |
EBC3050518 |
| 003 |
MiAaPQ |
| 005 |
20200520144314.0 |
| 006 |
m o d | |
| 007 |
cr cn||||||||| |
| 008 |
020422s2002 dcu sb 000 0 eng |
| 010 |
|
|
|z 2002069179
|
| 020 |
|
|
|z 0821351052
|
| 035 |
|
|
|a (MiAaPQ)EBC3050518
|
| 035 |
|
|
|a (Au-PeEL)EBL3050518
|
| 035 |
|
|
|a (CaPaEBR)ebr10020686
|
| 035 |
|
|
|a (CaONFJC)MIL8810
|
| 035 |
|
|
|a (OCoLC)51603068
|
| 040 |
|
|
|a MiAaPQ
|c MiAaPQ
|d MiAaPQ
|
| 050 |
|
4 |
|a HC59.72.I55
|b I497 2002
|
| 082 |
0 |
4 |
|a 384/.09172/4
|2 21
|
| 245 |
0 |
0 |
|a Information and communication technologies
|h [electronic resource] :
|b a World Bank group strategy.
|
| 260 |
|
|
|a Washington, DC :
|b World Bank,
|c c2002.
|
| 300 |
|
|
|a xv, 82 p.
|
| 504 |
|
|
|a Includes bibliographical references.
|
| 533 |
|
|
|a Electronic reproduction. Ann Arbor, MI : ProQuest, 2015. Available via World Wide Web. Access may be limited to ProQuest affiliated libraries.
|
| 650 |
|
0 |
|a Information technology
|x Economic aspects
|z Developing countries.
|
| 650 |
|
0 |
|a Communication
|z Developing countries.
|
| 655 |
|
4 |
|a Electronic books.
|
| 710 |
2 |
|
|a ProQuest (Firm)
|
| 856 |
4 |
0 |
|u https://ebookcentral.proquest.com/lib/matrademy/detail.action?docID=3050518
|z Click to View
|